| 000 | 01249nam a22002537a 4500 | ||
|---|---|---|---|
| 005 | 20170124103138.0 | ||
| 010 | _aB-072182 | ||
| 020 |
_c150.00 _a8170283965 |
||
| 035 | _aB-072182 | ||
| 037 | _bCen Lib/Ret | ||
| 040 |
_aDPL _bHN |
||
| 082 |
_a841.08 _bशहर |
||
| 245 |
_aआज के प्रसिद्द शायर शहरयार : _cसंपादक कमलेश्वर _bचुनी हुई नज़्में ,ग़ज़लें ,शेर और जीवन परिचय / |
||
| 246 |
_aAaj ke prasiddh shayr shahryaar : chuni hui nazme ,gazlen ,sher aur jivan parichay _bsampadak Kamleshwar |
||
| 260 |
_aदिल्ली _bराजपाल एंड संस _c2002 |
||
| 270 |
_aकश्मीरी गेट _bदिल्ली _e110006 |
||
| 300 |
_a160पृष्ठ. _c21सेमी(सजिल्द) |
||
| 650 |
_aउर्दू साहित्य _985240 |
||
| 650 |
_aउर्दू शायरी नज़्म, गज़ल - शहरयार _985241 |
||
| 650 |
_aUrdu literature _985242 |
||
| 650 |
_aNazm Urdu poetry , ghazals - Shahryar _985243 |
||
| 700 |
_aकमलेश्वर _985244 |
||
| 942 |
_2ddc _cHN _h841.08 _mशहर |
||
| 999 |
_c119495 _d119495 |
||